Выражение авторской позиции при написании научных статей (на примере технических и филологических текстов) на иностранном языке; Казанская наука; № 4
| Parent link: | Казанская наука.— , 2009- № 4.— 2019.— [С. 93-96] |
|---|---|
| Hovedforfatter: | |
| Institution som forfatter: | |
| Andre forfattere: | |
| Summary: | Заглавие с экрана В статье рассматриваются способы выражения авторской позиции при написании научных статей на английском языке для зарубежных журналов. Данная проблема является актуальной на данном этапе. В качестве объекта исследования взяты статьи из двух областей (технические науки и филологические науки), опубликованные в журналах, индексируемых в Web of Science. Проведенный количественный анализ статей показал, что способы выражения авторской позиции, используемые автором при написании научной статьи, зависят от того, в какой области исследования работает автор статьи. Режим доступа: по договору с организацией-держателем ресурса |
| Sprog: | russisk |
| Udgivet: |
2019
|
| Fag: | |
| Online adgang: | https://www.elibrary.ru/item.asp?id=38163139 |
| Format: | MixedMaterials Electronisk Book Chapter |
| KOHA link: | https://koha.lib.tpu.ru/cgi-bin/koha/opac-detail.pl?biblionumber=664264 |
MARC
| LEADER | 00000naa0a2200000 4500 | ||
|---|---|---|---|
| 001 | 664264 | ||
| 005 | 20250424152845.0 | ||
| 035 | |a (RuTPU)RU\TPU\network\35448 | ||
| 090 | |a 664264 | ||
| 100 | |a 20210406d2019 k||y0rusy50 ca | ||
| 101 | 0 | |a rus | |
| 102 | |a RU | ||
| 135 | |a drcn ---uucaa | ||
| 181 | 0 | |a i | |
| 182 | 0 | |a b | |
| 200 | 1 | |a Выражение авторской позиции при написании научных статей (на примере технических и филологических текстов) на иностранном языке |d Author's position in scientific papers in foreign languages (based on technical and philological texts) |f Ю. А. Зеремская, О. В. Солодовникова | |
| 203 | |a Текст |c электронный | ||
| 300 | |a Заглавие с экрана | ||
| 320 | |a [Библиогр.: 11 назв.] | ||
| 330 | |a В статье рассматриваются способы выражения авторской позиции при написании научных статей на английском языке для зарубежных журналов. Данная проблема является актуальной на данном этапе. В качестве объекта исследования взяты статьи из двух областей (технические науки и филологические науки), опубликованные в журналах, индексируемых в Web of Science. Проведенный количественный анализ статей показал, что способы выражения авторской позиции, используемые автором при написании научной статьи, зависят от того, в какой области исследования работает автор статьи. | ||
| 333 | |a Режим доступа: по договору с организацией-держателем ресурса | ||
| 461 | |t Казанская наука |d 2009- | ||
| 463 | |t № 4 |v [С. 93-96] |d 2019 | ||
| 510 | 1 | |a Author's position in scientific papers in foreign languages (based on technical and philological texts) |z eng | |
| 610 | 1 | |a электронный ресурс | |
| 610 | 1 | |a труды учёных ТПУ | |
| 610 | 1 | |a научный стиль | |
| 610 | 1 | |a позиции | |
| 610 | 1 | |a дискурс | |
| 700 | 1 | |a Зеремская |b Ю. А. |c лингвист |c доцент Томского политехнического университета, кандидат филологических наук |f 1980- |g Юлия Александровна |3 (RuTPU)RU\TPU\pers\31962 |9 16022 | |
| 701 | 1 | |a Солодовникова |b О. В. |c лингвист |c доцент Томского политехнического университета, кандидат философских наук |f 1971- |g Ольга Владимировна |3 (RuTPU)RU\TPU\pers\26848 |9 12467 | |
| 712 | 0 | 2 | |a Национальный исследовательский Томский политехнический университет |b Школа базовой инженерной подготовки |b Отделение иностранных языков |3 (RuTPU)RU\TPU\col\23510 |
| 801 | 0 | |a RU |b 63413507 |c 20210406 |g RCR | |
| 850 | |a 63413507 | ||
| 856 | 4 | |u https://www.elibrary.ru/item.asp?id=38163139 | |
| 942 | |c CF | ||